| 000 | 01748nam a22004577a 4500 | ||
|---|---|---|---|
| 003 | CHAP | ||
| 005 | 20220329143221.0 | ||
| 008 | 070327d2007 mx a r 00110 spa d | ||
| 010 | _a93435 | ||
| 011 | _a94407 | ||
| 035 | _a104995 | ||
| 040 | _cCHAP | ||
| 090 | _aTesis | ||
| 100 | 1 |
_aHernández Chacon, Diocleciano. _953899 |
|
| 245 | 1 | 0 |
_aAnálisis del procedimiento administrativo en materia forestal: _bun estudio de caso _c/por Diocleciano Hernández Chacon |
| 260 |
_aChapingo, Méx. : _bEl autor, _c2007 |
||
| 300 |
_a101 h. : _bilus. ; diag. |
||
| 502 | _aTesis (Ing. Agr. Esp. en Bosques) -- UACH. División de Ciencias Forestales | ||
| 530 | _aTambién disponible en línea | ||
| 590 |
_aALEPH _b10 _c20130110 _lUCH01 _h1517 |
||
| 590 |
_aBATCH-UPD _b10 _c20130110 _lUCH01 _h0039 |
||
| 590 |
_aBATCH-UPD _b10 _c20130110 _lUCH01 _h0642 |
||
| 590 |
_aBATCH-UPD _b10 _c20130409 _lUCH01 _h2024 |
||
| 590 |
_aBATCH-UPD _b10 _c20130410 _lUCH01 _h0326 |
||
| 590 |
_aBATCH-UPD _b10 _c20130914 _lUCH01 _h0703 |
||
| 590 |
_aBATCH-UPD _b10 _c20140324 _lUCH01 _h1502 |
||
| 590 |
_aBATCH-UPD _b10 _c20141002 _lUCH01 _h0833 |
||
| 590 |
_aCONVERSION _b10 _c20130109 _lUCH01 _h1352 |
||
| 650 | 1 | 4 |
_aBosques _xAdministración. _914003 |
| 650 | 1 | 4 |
_aBosques _xLeyes. _914322 |
| 650 | 1 | 4 |
_aDesarrollo forestal. _932059 |
| 650 | 1 | 4 |
_aEcología _xLeyes. _935149 |
| 650 | 1 | 4 |
_aMedio ambiente _xLeyes. _974098 |
| 650 | 1 | 4 |
_aMedio ambiente _xProtección. _974106 |
| 856 |
_3Finding aid _uhttp://10.13.5.2/tesis/104995.pdf _zTeclea aqui |
||
| 901 | _aBK | ||
| 905 | _aMarco A. Mendoza T. | ||
| 942 | _cFOLL | ||
| 949 |
_aTesis _bBC _cTES _d33724002024421 _eTS1 _gDonaciØn _h46659 _i104995 _sb |
||
| 949 |
_aTesis _bBC _cTES _d33724002024439 _eTS2 _fc.2 _gDonaciØn _h46660 _i104995 _sb |
||
| 999 |
_c93435 _d93435 |
||